000 00909nam a2200253Ia 4500
003 OSt
005 20220923211033.0
006 a|||||r|||| 00| 0
007 ta
008 Pun
020 _a8171426433 (hbk)
_c175
024 _a290,196
037 _b1021, 16/03/2016, H.K. Prakashan
_cTextual
040 _aARTS
_cARTS
_bPun
041 _2Pun
_aPun
082 _aO153,3(Y:351):g, P8
100 _aਕੌਰ, ਤਜਿੰਦਰਪਾਲ
_9157407
245 0 _aਪੰਜਾਬੀ ਲੋਕ ਕਹਾਣੀਆਂ ਸਮਾਜਕ - ਸਭਿਆਚਾਰਕ ਪਰਿਪੇਥ
260 _aਚੰਡੀਗੜ੍ਹ
_b ਲੋਕਗੀਤ ਪ੍ਰਕਾFਨ
_c2008
300 _a155ਪੰ
_ccm.
650 _aਪੰਜਾਬੀ ਸਾਹਿਤ
942 _hO153,3(Y:351):g, P8
_cTEXL
_2CC
999 _c294300
_d294300